[Event "Loire-ch op"]
[Site "Loire"]
[Date "2004.03.20"]
[Round "6"]
[White "Vaughan, Luiz"]
[Black "Brachet, Gerard"]
[Result "1-0"]
[WhiteElo "1499"]
[BlackElo "1350"]
[PlyCount "95"]
[EventDate "2004.01.10"]
[EventType "swiss"]
[EventRounds "9"]
[EventCountry "FRA"]
[SourceTitle "EXT 2008"]
[Source "ChessBase"]
[SourceDate "2007.11.25"]
[SourceVersion "1"]
[SourceVersionDate "2007.11.25"]
[SourceQuality "1"]

1. d4 d5 2. e3 Nc6 3. c4 e6 4. Nc3 Bb4 5. Nf3 Nf6 6. Ne5 Bd7 7. cxd5 exd5 8. Nxd7 Qxd7 9. Bb5 Ne4 10. Bd2 Bxc3 11. Bxc3 a6 12. Ba4 b5 13. Bb3 0-0 14. 0-0 Nxc3 15. bxc3 b4 16. Qf3 Rad8 17. Rfc1 a5 18. Ba4 Qd6 19. Bxc6 Qxc6 20. cxb4 Qb6 21. bxa5 Qxa5 22. Rc5 Qb6 23. a4 c6 24. a5 Ra8 25. g3 Qb2 26. Qd1 Qb7 27. Qa4 Rfc8 28. Rac1 Ra6 29. R1c3 g6 30. Rb3 Qd7 31. Rb6 Rxb6 32. axb6 Qb7 33. Qa7 Qxa7 34. bxa7 h5 35. Rxc6 Ra8 36. Rc7 Kh7 37. Kg2 Kg7 38. e4 dxe4 39. d5 g5 40. d6 h4 41. d7 g4 42. Rc8 h3+ 43. Kf1 Rxa7 44. d8Q Ra1+ 45. Ke2 Ra2+ 46. Ke3 Ra3+ 47. Kxe4 Rf3 48. Qg5+ 1-0